Hijos de Jacob (Biblia) - Estadísticas

Estadísticas generales
  • Esta prueba ha sido intentada 130 veces
  • La puntuación promedio es 7 de 12
Estadísticas de respuestas
Respuesta % Correcto
José
87%
Benjamín
81%
Judá
79%
Leví
76%
Rubén
66%
Simeón
53%
Neftalí
51%
Dan
47%
Gad
47%
Aser
41%
Isacar
40%
Zabulón
39%
No se encontraron pruebas coincidentes
Distribución de puntuación
Porcentaje de gente con cada puntuación
Porcentaje por número respondido
Historial de tus puntuaciones
No has intentado esta prueba.